Southville International School and Colleges
Your cart is empty.
  • Cart
  • Lists
    Public lists Eva Luna New books Lux_list list_1
    Your lists Log in to create your own lists
  • Log in to your account
  • Your cookies
  • Search history
Southville International School and Colleges
  • Advanced search
  • Recent comments
  • Most popular
  • Libraries

Log in to your account

Log in with GOOGLE


If you do not have an external account, but do have a local account, you can still log in:

  1. Home
  2. MARC view: A Voyage to Abyssinia
Normal view MARC view ISBD view

A Voyage to Abyssinia (Record no. 230784)

[ view plain ]
MARC details
000 -LEADER
fixed length control field 00860cam a22002773a 4500
001 - CONTROL NUMBER
control field 1436
003 - CONTROL NUMBER IDENTIFIER
control field PGUSA
005 - DATE AND TIME OF LATEST TRANSACTION
control field 20140828083001.0
008 - FIXED-LENGTH DATA ELEMENTS--GENERAL INFORMATION
fixed length control field 980801s1998||||xxu|||||s|||||000 | eng d
040 ## - CATALOGING SOURCE
Original cataloging agency PGUSA
Language of cataloging eng
042 ## - AUTHENTICATION CODE
Authentication code dc
050 #4 - LIBRARY OF CONGRESS CALL NUMBER
Classification number DT
100 1# - MAIN ENTRY--PERSONAL NAME
Personal name Lobo, Jerónimo,
Dates associated with a name 1596?-1678, -1678
245 12 - TITLE STATEMENT
Title A Voyage to Abyssinia
Medium [electronic resource] /
Statement of responsibility, etc Jerónimo Lobo
260 ## - PUBLICATION, DISTRIBUTION, ETC. (IMPRINT)
Name of publisher, distributor, etc Project Gutenberg,
Date of publication, distribution, etc 1998
506 ## - RESTRICTIONS ON ACCESS NOTE
Terms governing access Public domain in the USA.
516 ## - TYPE OF COMPUTER FILE OR DATA NOTE
Type of computer file or data note Electronic text
653 ## - INDEX TERM--UNCONTROLLED
Uncontrolled term Ethiopia -- Description and travel -- Early works to 1800
653 ## - INDEX TERM--UNCONTROLLED
Uncontrolled term Lobo, Jerónimo, 1596?-1678 -- Travel -- Ethiopia
700 1# - ADDED ENTRY--PERSONAL NAME
Personal name Johnson, Samuel,
Dates associated with a name 1709-1784
700 1# - ADDED ENTRY--PERSONAL NAME
Personal name Morley, Henry,
Dates associated with a name 1822-1894
740 0# - ADDED ENTRY--UNCONTROLLED RELATED/ANALYTICAL TITLE
Uncontrolled related/analytical title Itinerário. English
830 #0 - SERIES ADDED ENTRY--UNIFORM TITLE
Uniform title Project Gutenberg
Volume number/sequential designation 1436
856 40 - ELECTRONIC LOCATION AND ACCESS
Uniform Resource Identifier <a href="http://www.gutenberg.org/ebooks/1436">http://www.gutenberg.org/ebooks/1436</a>
942 ## - ADDED ENTRY ELEMENTS (KOHA)
Koha item type eBooks
Holdings
Withdrawn status Lost status Damaged status Home library Current library Date acquired Total Checkouts Date last seen Price effective from Koha item type
      Project Gutenberg Project Gutenberg 08/28/2014   08/28/2014 08/28/2014 eBooks

A Voyage to Abyssinia

APA

Lobo J., Johnson S. & Morley H. (1998). A Voyage to Abyssinia. : Project Gutenberg.

Chicago

Lobo Jerónimo, Johnson Samuel and Morley Henry. 1998. A Voyage to Abyssinia. : Project Gutenberg.

Harvard

Lobo J., Johnson S. and Morley H. (1998). A Voyage to Abyssinia. : Project Gutenberg.

MLA

Lobo Jerónimo, Johnson Samuel and Morley Henry. A Voyage to Abyssinia. : Project Gutenberg. 1998.

  • Place hold
  • Print
  • Cite
  • Add to your cart (remove)
  • Save record
    BIBTEX Dublin Core MARCXML MARC (non-Unicode/MARC-8) MARC (Unicode/UTF-8) MARC (Unicode/UTF-8, Standard) MODS (XML) RIS
  • More searches
    Search for this title in:
    Other Libraries (WorldCat) Other Databases (Google Scholar) Online Stores (Bookfinder.com) Open Library (openlibrary.org)

Exporting to Dublin Core...

SOUTHVILLE LIBRARY

Southville International School and Colleges Library

1281 Tropical Ave. Cor. Luxembourg St., BF Homes International, Las Pinas City

Tel. No. 8256374 / 252358 Loc. 117/146

Powered by Koha